| 000 | 01159nam a22002537a 4500 | ||
|---|---|---|---|
| 999 |
_c17580 _d17580 |
||
| 003 | AR-CdUCM | ||
| 008 | 190509b ||||| |||| 00| 0 spa d | ||
| 040 |
_aMUNICIPALIDAD PROVINCIAL DEL CUSCO _cBIBLIOTECA MUNICIPAL DEL CUSCO |
||
| 082 |
_a330.9 / _bK72 |
||
| 100 |
_aKohler, Heinz _937673 |
||
| 245 |
_aPlanificación y bienestar : _bestudio comparativo de los sistemas capitalistas y socialista / |
||
| 260 |
_aMéxico : _bCentro regional de ayuda técnica, _c1967. |
||
| 300 |
_a211 paginas ; _bDiagramas, cuadros, _c20 cm. |
||
| 500 | _aTitulo original :Welfare and planning. An analysis of capitalism versus socialism | ||
| 505 | _aContenido : El problema básico la escasez -- Las metas del pleno empleo y la eficiencia -- Las metas de la equidad y el crecimiento -- Capitalismo perfectamente competitivo -- Realidad capitalista y critica socialista... | ||
| 650 |
_aCapitalismo _93221 |
||
| 650 |
_aSocialismo _91037 |
||
| 650 |
_aLa producción _99237 |
||
| 650 |
_aSistema de precios _937674 |
||
| 650 |
_aEl proceso productivo _937675 |
||
| 700 |
_aWolfoson, Leandro (Traducción) _937676 |
||
| 942 |
_2ddc _cLIBROS |
||
| 945 |
_awnts _d2019-05-09 |
||